[Event "Titled Tue 20th May Early"]
[Site "chess.com INT"]
[Date "2025.05.20"]
[Round "2"]
[White "Khafizova, Diana"]
[Black "Miller, Rachel"]
[Result "1-0"]
[WhiteTitle "WFM"]
[BlackTitle "CM"]
[WhiteElo "2073"]
[BlackElo "1967"]
[WhiteFideId "34378049"]
[BlackFideId "7401302"]
[EventDate "2025.05.20"]

1. d4 Nf6 2. c4 c5 3. d5 b5 4. cxb5 a6 5. bxa6 d6 6. Nc3 Bxa6 7. e4 Bxf1 8. Kxf1
Nbd7 9. g3 g6 10. Kg2 Bg7 11. Nge2 O-O 12. Rb1 Qa5 13. Qc2 Rfb8 14. a4 Ng4 15.
Bd2 Nge5 16. b3 c4 17. f4 cxb3 18. Rxb3 Rxb3 19. Qxb3 Nc5 20. Qa2 Ned7 21. Rb1
Bxc3 22. Nxc3 Nb6 23. Rb5 Qa7 24. a5 Nbd7 25. Be3 Rb8 26. Qb1 Rxb5 27. Qxb5 Kg7
28. Na4 Qa8 29. Nxc5 Nxc5 30. Bxc5 dxc5 31. Qxc5 Qb8 32. Qb6 Qc8 33. Qb2+ Kg8
34. Qa2 Qa6 35. h4 Kg7 36. Kh2 h5 37. e5 Kh7 38. Qd2 Kg7 39. d6 exd6 40. exd6
Qc8 41. d7 Qd8 42. a6 Kf8 43. Qd6+ 1-0

[Event "Titled Tue 20th May Early"]
[Site "chess.com INT"]
[Date "2025.05.20"]
[Round "2"]
[White "Barseghyan, Armen Ar."]
[Black "Bortnyk, Olexandr"]
[Result "0-1"]
[WhiteTitle "IM"]
[BlackTitle "GM"]
[WhiteElo "2348"]
[BlackElo "2601"]
[WhiteFideId "13306707"]
[BlackFideId "14120828"]
[EventDate "2025.05.20"]

1. Nf3 Nf6 2. c4 b6 3. g3 Bb7 4. Bg2 g6 5. O-O Bg7 6. Nc3 O-O 7. d4 Ne4 8. Bd2
Re8 9. Rc1 e6 10. Bf4 Nxc3 11. Rxc3 d6 12. Rc1 Nd7 13. Qd2 Nf6 14. Rfd1 Qe7 15.
Bg5 Rad8 16. Qf4 e5 17. dxe5 dxe5 18. Qh4 e4 19. Nd4 h6 20. Bxh6 Bxh6 21. Qxh6
e3 22. f3 c5 23. Nb5 Rd2 24. Rxd2 exd2 25. Qxd2 Qxe2 26. Qxe2 Rxe2 27. Nxa7 Rxb2
28. a3 Ng4 29. Re1 Nf2 30. h4 Nd3 31. Re7 Ba6 32. Bf1 Bxc4 33. Re4 b5 34. Re3
Rb1 35. Kg2 Ne1+ 0-1

[Event "Titled Tue 20th May Early"]
[Site "chess.com INT"]
[Date "2025.05.20"]
[Round "2"]
[White "Ibarra Jerez, Jose Carlos"]
[Black "Darmanin, Jake"]
[Result "1-0"]
[WhiteTitle "GM"]
[BlackTitle "CM"]
[WhiteElo "2545"]
[BlackElo "2065"]
[WhiteFideId "2226332"]
[BlackFideId "5601061"]
[EventDate "2025.05.20"]

1. e4 e5 2. Nf3 Nc6 3. d4 exd4 4. Nxd4 Qf6 5. Nb3 Qg6 6. f3 d6 7. Nc3 Be6 8. Be3
Nf6 9. Qd2 O-O-O 10. Nd5 a6 11. O-O-O h6 12. Nf4 Qh7 13. Nd4 Bd7 14. Qc3 Ne5 15.
Nd5 Nxd5 16. exd5 Re8 17. h3 g5 18. h4 Qg7 19. Qa3 Kd8 20. hxg5 hxg5 21. Rxh8
Qxh8 22. Bxg5+ f6 23. Bd2 Bh6 24. Qb4 Bc8 25. f4 Ng4 26. Ne6+ Bxe6 27. dxe6 Kc8
28. Bc4 Nf2 29. Re1 f5 30. e7 Ne4 31. Be6+ Kb8 32. Bd5 c6 33. Bxe4 fxe4 34.
Qxd6+ Ka8 35. Rxe4 Bg7 36. c3 Bf6 37. Qd7 Qg8 38. g4 Qf7 39. g5 Bxe7 40. f5 Qf8
41. f6 Qg8 42. Rxe7 Rb8 43. f7 Qg7 44. Re8 1-0

[Event "Titled Tue 20th May Early"]
[Site "chess.com INT"]
[Date "2025.05.20"]
[Round "2"]
[White "Sava, Robert-Gabriel"]
[Black "Can, Melih Kaan"]
[Result "0-1"]
[WhiteTitle "CM"]
[BlackTitle "CM"]
[WhiteElo "2155"]
[BlackElo "2171"]
[WhiteFideId "1265725"]
[BlackFideId "6317383"]
[EventDate "2025.05.20"]

1. e4 c5 2. Be2 d6 3. f4 Nc6 4. Nf3 Nf6 5. Rg1 Nxe4 6. d3 Nf6 7. Nc3 g6 8. Be3
Bg7 9. h3 O-O 10. Qd2 a6 11. O-O-O b5 12. g4 b4 13. Ne4 Nxe4 14. dxe4 Qa5 15.
Kb1 Be6 16. b3 Bc3 17. Qd3 Qa3 18. Bc1 Qa5 19. f5 c4 20. bxc4 b3 21. a3 bxc2+
22. Kxc2 Bg7 23. Bd2 Qa4+ 24. Qb3 Qxb3+ 25. Kxb3 Rfb8+ 26. Kc2 Rb2+ 27. Kc1 Bd7
28. f6 Bxf6 29. e5 Nxe5 30. Kxb2 Nxf3+ 31. Kc2 Ba4+ 32. Kd3 Nxg1 33. Rxg1 Rb8
34. Bb4 Bc6 35. g5 Be5 36. Rf1 a5 37. Bxa5 Rb3+ 38. Kc2 Rxa3 39. h4 Rxa5 0-1

[Event "Titled Tue 20th May Early"]
[Site "chess.com INT"]
[Date "2025.05.20"]
[Round "2"]
[White "Nielsen-Refs, Karl-Emil Elmer"]
[Black "Sabatier, Mathis"]
[Result "1-0"]
[WhiteTitle "CM"]
[BlackTitle "CM"]
[WhiteElo "2095"]
[BlackElo "2235"]
[WhiteFideId "1452797"]
[BlackFideId "26029685"]
[EventDate "2025.05.20"]

1. d4 d5 2. Nf3 Nf6 3. Bf4 c5 4. e3 Nc6 5. Nc3 a6 6. Be2 e6 7. O-O Bd6 8. Bxd6
Qxd6 9. Na4 c4 10. b3 b5 11. Nc5 Nd7 12. bxc4 bxc4 13. Na4 O-O 14. c3 e5 15.
dxe5 Ncxe5 16. Qd4 Rd8 17. Rfd1 Bb7 18. Rab1 Rab8 19. Nb6 Bc6 20. Nxc4 Nxc4 21.
Bxc4 Rxb1 22. Rxb1 Nc5 23. Bd3 Nxd3 24. Qxd3 Bb5 25. Qd4 Qa3 26. Qd2 h6 27. Nd4
Bc4 28. Rb2 Qa4 29. h3 Qd7 30. Qd1 Qe7 31. Qf3 Re8 32. Rd2 Qb7 33. Qg3 Rb8 34.
Nf5 f6 35. Nxh6+ Kh8 36. Nf5 Qb1+ 37. Kh2 Rg8 38. Qh4# 1-0

[Event "Titled Tue 20th May Early"]
[Site "chess.com INT"]
[Date "2025.05.20"]
[Round "2"]
[White "Sahib, Singh"]
[Black "Brancaleoni, Maurizio"]
[Result "1-0"]
[WhiteTitle "FM"]
[BlackTitle "FM"]
[WhiteElo "2416"]
[BlackElo "2185"]
[WhiteFideId "25618342"]
[BlackFideId "803022"]
[EventDate "2025.05.20"]

1. Nf3 c5 2. g3 g6 3. Bg2 Bg7 4. O-O Nc6 5. e3 e5 6. d4 cxd4 7. exd4 exd4 8.
Re1+ Nge7 9. Bg5 O-O 10. Na3 h6 11. Bxe7 Nxe7 12. Nxd4 Nc6 13. c3 Nxd4 14. cxd4
Qb6 15. Nc4 Qxd4 16. Qxd4 Bxd4 17. Rad1 Bf6 18. b3 Rb8 19. Nd6 b5 20. Nxc8 Rfxc8
21. Rxd7 a5 22. Bd5 Rf8 23. Rd1 Rbd8 24. Bxf7+ Rxf7 25. Rxd8+ Bxd8 26. Rxd8+ Kg7
27. Ra8 a4 28. bxa4 bxa4 29. Rxa4 g5 30. Kg2 Rb7 31. h4 Kg6 32. Ra6+ Kh5 33.
hxg5 hxg5 34. a4 Rb4 35. Ra8 g4 36. a5 Ra4 37. a6 Kh6 38. a7 Kg7 39. Kf1 Ra2 40.
Ke1 Kh7 41. Kd1 Kg7 42. Kc1 Kh7 43. Kb1 Ra6 44. Kc2 Kg7 45. Kd3 Ra1 46. Ke4 Ra4+
47. Kf5 Kh7 48. Kg5 Kg7 49. Re8 Rxa7 50. Kxg4 Ra4+ 51. f4 Ra5 52. Re5 Kf7 53.
Rxa5 1-0

[Event "Titled Tue 20th May Early"]
[Site "chess.com INT"]
[Date "2025.05.20"]
[Round "2"]
[White "Gutierrez Olivares, Daniel"]
[Black "Sakun, Volodymyr"]
[Result "0-1"]
[WhiteTitle "FM"]
[BlackTitle "FM"]
[WhiteElo "2354"]
[BlackElo "2301"]
[WhiteFideId "2264005"]
[BlackFideId "14114062"]
[EventDate "2025.05.20"]

1. Nf3 Nf6 2. g3 g6 3. Bg2 Bg7 4. O-O O-O 5. c4 d6 6. Nc3 e5 7. Rb1 a5 8. a3 Nc6
9. b4 axb4 10. axb4 Be6 11. d3 h6 12. Nd2 d5 13. b5 Ne7 14. Qb3 Qd7 15. Ba3 d4
16. Na4 Bh3 17. Bxe7 Bxg2 18. Bxf8 Qh3 19. f3 Bxf1 20. Rxf1 Bxf8 21. c5 h5 22.
Ne4 Nxe4 23. fxe4 Qe6 24. Qc2 Ra5 25. Rb1 h4 26. Rb4 Qg4 27. Kg2 Bh6 28. Qd1 h3+
29. Kh1 f5 30. c6 bxc6 31. bxc6 fxe4 32. Rb8+ Kh7 33. Qb3 Bg7 34. Qg8+ Kh6 35.
Qd8 Rxa4 0-1

[Event "Titled Tue 20th May Early"]
[Site "chess.com INT"]
[Date "2025.05.20"]
[Round "2"]
[White "Manafov, Vugar"]
[Black "Shubenkova, Veronika"]
[Result "1-0"]
[WhiteTitle "IM"]
[BlackTitle "WFM"]
[WhiteElo "2432"]
[BlackElo "2024"]
[WhiteFideId "13410814"]
[BlackFideId "44124040"]
[EventDate "2025.05.20"]

1. Nf3 d5 2. d4 Nf6 3. c4 e6 4. Nc3 c6 5. e3 Bd6 6. Qc2 Nbd7 7. Bd3 O-O 8. O-O
b6 9. e4 dxe4 10. Nxe4 Be7 11. Bf4 Bb7 12. Nd6 Bxd6 13. Bxd6 Re8 14. c5 h6 15.
Rfe1 Nd5 16. a3 a5 17. Ne5 Nxe5 18. dxe5 b5 19. Re4 Qg5 20. h4 Qh5 21. Be2 Qg6
22. Bd3 Qh5 23. Rae1 Ba6 24. Be2 Qg6 25. h5 Qf5 26. Bg4 Qg5 27. Bf3 Qf5 28. Bg4
Qg5 29. Bf3 Qf5 30. Qd2 b4 31. a4 Ra7 32. Qd1 Kh8 33. Bg4 Qg5 34. Bf3 Qf5 35. g3
Rg8 36. Bg4 Qg5 37. f4 Qd8 38. Kh2 f5 39. exf6 Nxf6 40. R4e3 Bc4 41. Bxe6 Bxe6
42. Rxe6 Rf7 43. Qf3 Nd5 44. Be5 Qf8 45. Rxh6# 1-0

[Event "Titled Tue 20th May Early"]
[Site "chess.com INT"]
[Date "2025.05.20"]
[Round "2"]
[White "Saiz Rodriguez, Daniel Evelio"]
[Black "Ndirangu, Nyaruai, Joyce"]
[Result "0-1"]
[WhiteTitle "FM"]
[BlackTitle "WCM"]
[WhiteElo "2187"]
[BlackElo "1933"]
[WhiteFideId "3523420"]
[BlackFideId "10802886"]
[EventDate "2025.05.20"]

1. c4 e5 2. Nc3 Nf6 3. Nf3 Nc6 4. e4 Bb4 5. d3 O-O 6. a3 Bxc3+ 7. bxc3 a6 8. a4
d6 9. g3 Bg4 10. Bg2 Qd7 11. h3 Be6 12. Ng5 h6 13. Nxe6 fxe6 14. O-O Rad8 15. f4
d5 16. cxd5 exd5 17. fxe5 Nxe5 18. d4 dxe4 19. Qb3+ Nf7 20. Bxh6 gxh6 21. Rxf6
Kg7 22. Raf1 Ng5 23. Rxf8 Rxf8 24. Rxf8 Kxf8 25. Qxb7 Qxa4 26. Qc8+ Kg7 27.
Qxc7+ Kf8 28. Qf4+ Kg7 29. h4 Qd1+ 30. Kh2 Nf3+ 31. Kh3 Ng1+ 32. Kh2 Nf3+ 33.
Bxf3 exf3 34. Qe5+ Kf7 35. Qf5+ Ke7 36. Qe4+ Kd6 37. Qe5+ Kd7 38. Qd5+ Kc7 39.
Qe5+ Kb6 40. g4 Qd2+ 41. Kg3 Qg2+ 42. Kf4 f2 43. Qd6+ Kb7 44. Qd7+ Kb6 45. Qd6+
Qc6 46. Qb4+ Ka7 47. Qe7+ Kb8 0-1

[Event "Titled Tue 20th May Early"]
[Site "chess.com INT"]
[Date "2025.05.20"]
[Round "2"]
[White "Momunaliev, Ruslan"]
[Black "Volkov, Maksim"]
[Result "1-0"]
[WhiteTitle "CM"]
[BlackTitle "FM"]
[WhiteElo "2213"]
[BlackElo "2370"]
[WhiteFideId "13812211"]
[BlackFideId "54123070"]
[EventDate "2025.05.20"]

1. e4 g6 2. d4 Bg7 3. Nc3 d6 4. Be3 a6 5. Qd2 b5 6. Nf3 Bb7 7. Bd3 Nf6 8. d5 c6
9. O-O-O b4 10. Ne2 cxd5 11. Qxb4 Qc8 12. e5 Nc6 13. Qa4 dxe5 14. Nxe5 O-O 15.
Bd4 Nxd4 16. Nxd4 Ne4 17. Nec6 Qc7 18. Bxe4 dxe4 19. Na5 Bd5 20. Kb1 Rab8 21.
Nab3 Rfc8 22. Rd2 Qf4 23. Rhd1 Qxh2 24. Nf5 gxf5 25. Rxd5 e6 26. Rd7 Qxg2 27.
Qxa6 Qxf2 28. R1d2 Qb6 29. Qf1 Qc6 30. R7d6 Qc4 31. Qg1 Kh8 32. Rd7 Rg8 33. Rg2
Be5 34. Rxf7 Qe2 35. Rxh7+ Kxh7 36. Qh1+ Bh2 37. Qxh2+ Qh5 38. Qxh5# 1-0

[Event "Titled Tue 20th May Early"]
[Site "chess.com INT"]
[Date "2025.05.20"]
[Round "2"]
[White "Shandrygin, Nikita"]
[Black "Nguyen Thien Ngan"]
[Result "1-0"]
[WhiteTitle "FM"]
[BlackTitle "WIM"]
[WhiteElo "2209"]
[BlackElo "1998"]
[WhiteFideId "24198668"]
[BlackFideId "12414816"]
[EventDate "2025.05.20"]

1. e4 e5 2. Nf3 Nc6 3. d4 exd4 4. c3 d5 5. exd5 Qxd5 6. cxd4 Nf6 7. Nc3 Bb4 8.
Be2 Be6 9. O-O Qa5 10. Bd2 Rd8 11. a3 Bxc3 12. bxc3 Qf5 13. Bg5 O-O 14. Bd3 Qg4
15. h3 Qh5 16. Bxf6 gxf6 17. Re1 Kh8 18. Re4 f5 19. Rh4 Qg6 20. Qd2 Rg8 21. g3
f6 22. Re1 Bc8 23. Qf4 Rg7 24. Rh6 Qf7 25. Qh4 Rf8 26. c4 b6 27. d5 Ne5 28. Rxe5
fxe5 29. Nxe5 Qe8 30. Qd4 Kg8 31. Kh2 f4 32. g4 f3 33. Qe4 Qe7 34. c5 bxc5 35.
d6 cxd6 36. Bc4+ Kh8 37. Ng6+ Rxg6 38. Qxe7 1-0

[Event "Titled Tue 20th May Early"]
[Site "chess.com INT"]
[Date "2025.05.20"]
[Round "2"]
[White "Wagh, Suyog"]
[Black "Kovalevsky, Stanislav"]
[Result "1-0"]
[WhiteTitle "FM"]
[BlackTitle "FM"]
[WhiteElo "2319"]
[BlackElo "2098"]
[WhiteFideId "25071688"]
[BlackFideId "13508598"]
[EventDate "2025.05.20"]

1. e4 c6 2. d4 d5 3. e5 c5 4. c3 Nc6 5. Bb5 Qa5 6. Qa4 Qxa4 7. Bxa4 cxd4 8. cxd4
Bd7 9. Bxc6 Bxc6 10. Nc3 e6 11. Nge2 Bb4 12. Bd2 Ne7 13. a3 Ba5 14. O-O-O O-O
15. b4 Bb6 16. Kb2 Rfc8 17. g4 Rc7 18. Be3 Rac8 19. Rc1 a6 20. Rc2 Ba4 21. Rcc1
Bd7 22. Nb1 Rxc1 23. Nxc1 f6 24. exf6 gxf6 25. Nb3 e5 26. h3 Ba4 27. dxe5 Bxe3
28. fxe3 fxe5 29. Nc5 Bc6 30. Rf1 Rf8 31. Rxf8+ Kxf8 32. Nd2 Ng6 33. Kc3 Ke7 34.
Ndb3 Kd6 35. Nd3 Nh4 36. Ne1 Bb5 37. Nd2 Be2 38. a4 b5 39. a5 h5 40. gxh5 Bxh5
41. Nb3 Bg6 42. Nc5 Bf5 43. Nxa6 Bxh3 44. Nc5 Kc6 45. Ned3 Nf3 46. Nf2 d4+ 47.
exd4 exd4+ 48. Kb3 Bf5 49. Kb2 Nd2 50. Nb3 Nc4+ 51. Kc1 d3 52. Nd1 Na3 53. Nd4+
Kd5 54. Nxf5 Nc4 55. Nfe3+ Nxe3 56. Nxe3+ Kd4 57. Kd2 Ke5 1-0

[Event "Titled Tue 20th May Early"]
[Site "chess.com INT"]
[Date "2025.05.20"]
[Round "2"]
[White "Ghosh, Chanchal Kumer"]
[Black "Piesik, Piotr"]
[Result "0-1"]
[WhiteTitle "CM"]
[BlackTitle "IM"]
[WhiteElo "2018"]
[BlackElo "2436"]
[WhiteFideId "10201858"]
[BlackFideId "1136194"]
[EventDate "2025.05.20"]

1. e4 g6 2. Nf3 Bg7 3. d4 c6 4. Bc4 d5 5. exd5 cxd5 6. Bb3 Nc6 7. h3 Nf6 8. O-O
O-O 9. Re1 Bf5 10. c3 a5 11. Bg5 Ne4 12. Bf4 Re8 13. Nbd2 Nxd2 14. Qxd2 a4 15.
Bc2 Bxc2 16. Qxc2 a3 17. b3 e6 18. Qd2 Qa5 19. Rac1 Rac8 20. Bh6 Ne7 21. Bxg7
Kxg7 22. Ne5 Nf5 23. g4 Nd6 24. f3 h6 25. Qf4 Red8 26. Re3 g5 27. Qh2 f6 28. h4
Rh8 29. Nd7 Qc7 30. Rxe6 Qxd7 31. Rxd6 Qe7 32. Kf1 Rhe8 33. Rxd5 Qe3 34. Rd7+
Kg8 35. Rc2 Qxf3+ 36. Rf2 Qd1+ 37. Kg2 Qxg4+ 38. Qg3 Qxd7 39. hxg5 Qd5+ 40. Kh2
fxg5 41. Rf6 Re2+ 42. Kh3 Qh1+ 43. Kg4 Rg2 0-1

[Event "Titled Tue 20th May Early"]
[Site "chess.com INT"]
[Date "2025.05.20"]
[Round "2"]
[White "Bold, Andre"]
[Black "Santos, Rafael Ventura Dos"]
[Result "0-1"]
[WhiteTitle "CM"]
[BlackTitle "FM"]
[WhiteElo "2235"]
[BlackElo "2113"]
[WhiteFideId "16208471"]
[BlackFideId "2122227"]
[EventDate "2025.05.20"]

1. d4 d5 2. Bf4 Nf6 3. e3 c5 4. dxc5 Qa5+ 5. Nd2 Qxc5 6. Ngf3 Nc6 7. a3 a5 8.
Nb3 Qb6 9. a4 g6 10. Bb5 Bg7 11. O-O O-O 12. c3 Rd8 13. Qe2 Ne4 14. Nbd2 Bg4 15.
h3 Bxf3 16. Nxf3 f6 17. Nd2 Nxd2 18. Qxd2 e5 19. Bg3 Kh8 20. Qe2 Rd7 21. Rfd1
Rad8 22. Rd2 Qc5 23. Rad1 f5 24. Bh4 Re8 25. c4 d4 26. exd4 Rxd4 27. Rxd4 Nxd4
28. Rxd4 Qxd4 29. Bxe8 Qxh4 30. g4 Qxh3 31. gxf5 gxf5 32. Qd2 Qg4+ 33. Kh1 f4
34. Qd8 Bf8 35. Bd7 Qg7 36. f3 e4 37. Bg4 e3 38. Qe8 h6 39. Kh2 Qf6 40. Kh3 Kg7
41. Qd7+ Be7 42. Qd3 Qh4+ 43. Kg2 Qg3+ 44. Kh1 Qe1+ 45. Kh2 Qf2+ 46. Kh1 e2 47.
Qc3+ Bf6 0-1

[Event "Titled Tue 20th May Early"]
[Site "chess.com INT"]
[Date "2025.05.20"]
[Round "2"]
[White "Ilinca, Felix-Antonio"]
[Black "Al-Tarboush, Ward"]
[Result "1-0"]
[WhiteTitle "IM"]
[BlackTitle "FM"]
[WhiteElo "2420"]
[BlackElo "2223"]
[WhiteFideId "54764998"]
[BlackFideId "7601450"]
[EventDate "2025.05.20"]

1. d4 Nf6 2. Nc3 d5 3. Bf4 a6 4. e3 e6 5. g4 Bd6 6. Qf3 Bxf4 7. Qxf4 c5 8. g5
Nh5 9. Qh4 cxd4 10. exd4 g6 11. Nf3 Nc6 12. Be2 h6 13. O-O-O hxg5 14. Nxg5 Qf6
15. Kb1 Nf4 16. Qg3 Nxd4 17. Bd3 e5 18. Rhe1 O-O 19. h4 Bf5 20. Bxf5 Nxf5 21.
Qh2 Rad8 22. Nf3 Rfe8 23. h5 Nxh5 24. Nxd5 Qc6 25. Nxe5 Qd6 26. f4 Nfg3 27. a3
Qc5 28. Nc3 Rxd1+ 29. Rxd1 Rc8 30. Qh3 Nf5 31. Nd3 Qe3 32. Qg2 Nxf4 33. Nxf4
Qxf4 34. Qxb7 Rb8 35. Qxa6 Qe5 36. Qc4 Ne3 37. Qe2 Qxc3 38. Rd8+ Rxd8 39. bxc3
Rb8+ 40. Ka2 Nd5 41. Qe5 Rb5 42. Ka1 Ra5 43. c4 Rxa3+ 44. Kb2 Ne3 45. Qe8+ Kg7
46. Kxa3 Nxc4+ 47. Kb4 Nd6 48. Qe5+ 1-0

[Event "Titled Tue 20th May Early"]
[Site "chess.com INT"]
[Date "2025.05.20"]
[Round "2"]
[White "Gadzhiev, Ruslan"]
[Black "Mohammadi, Melika"]
[Result "1-0"]
[WhiteTitle "CM"]
[BlackTitle "WFM"]
[WhiteElo "2169"]
[BlackElo "2205"]
[WhiteFideId "55671926"]
[BlackFideId "42529271"]
[EventDate "2025.05.20"]

1. e4 e5 2. Nf3 Nf6 3. Nxe5 d6 4. Nf3 Nxe4 5. d3 Nf6 6. d4 d5 7. Bd3 Bd6 8. O-O
O-O 9. Bg5 c5 10. c3 Be6 11. Nbd2 Nbd7 12. dxc5 Bxc5 13. Nb3 Bd6 14. h3 Qb6 15.
Qc2 h6 16. Be3 Qc7 17. Nbd4 a6 18. Bf5 Bxf5 19. Nxf5 Bf4 20. Rad1 Rfe8 21. Rfe1
Bxe3 22. Nxe3 Ne5 23. Nd4 Nc4 24. Ndf5 Rad8 25. Re2 Nxe3 26. Nxe3 Qf4 27. Rd4
Qe5 28. Red2 Qg5 29. Rd1 Rd7 30. c4 Rc7 31. c5 Rd7 32. b4 Rc8 33. Qe2 Qe5 34.
Qf3 Rcd8 35. a4 Ne4 36. R4d3 d4 37. Nc4 Nc3 38. Nxe5 1-0

[Event "Titled Tue 20th May Early"]
[Site "chess.com INT"]
[Date "2025.05.20"]
[Round "2"]
[White "Maiorov, Nikita1"]
[Black "Filindash, Nikita"]
[Result "1-0"]
[WhiteTitle "GM"]
[BlackTitle "CM"]
[WhiteElo "2472"]
[BlackElo "2198"]
[WhiteFideId "13501720"]
[BlackFideId "34159983"]
[EventDate "2025.05.20"]

1. e4 e5 2. Nf3 Nf6 3. Nxe5 d6 4. Nf3 Nxe4 5. d4 d5 6. Bd3 Bd6 7. O-O O-O 8. c4
c6 9. Qc2 h6 10. Bxe4 dxe4 11. Qxe4 Be6 12. Qd3 Re8 13. Be3 Bg4 14. Nbd2 Na6 15.
a3 Nc5 16. Qc2 Ne4 17. Nxe4 Bf5 18. Nfd2 Qh4 19. g3 Bxe4 20. Nxe4 Qxe4 21. Qxe4
Rxe4 22. Rad1 Rae8 23. Kg2 b6 24. b4 a5 25. c5 bxc5 26. dxc5 Be5 27. bxa5 Ra4
28. Rd7 Rxa5 29. Re1 Bf6 30. Red1 Rxa3 31. R1d6 Ra6 32. Rc7 Be5 33. Rcxc6 Ra2
34. Rd7 Bc3 35. Rb6 1-0

[Event "Titled Tue 20th May Early"]
[Site "chess.com INT"]
[Date "2025.05.20"]
[Round "2"]
[White "Khandhadia, Nivaan Rathin"]
[Black "Shevkunov, Vladyslav"]
[Result "0-1"]
[WhiteElo "2112"]
[BlackElo "2073"]
[WhiteFideId "25753274"]
[BlackFideId "30953448"]
[EventDate "2025.05.20"]

1. d4 d5 2. c4 e6 3. Nf3 Nf6 4. Nc3 a6 5. e3 dxc4 6. Bxc4 b5 7. Bd3 Bb7 8. O-O
Nbd7 9. Qe2 c5 10. a3 Be7 11. Rd1 Qc7 12. e4 cxd4 13. Nxd4 Ne5 14. Bf4 O-O 15.
Rac1 Qb8 16. Bb1 Rd8 17. Nf3 Nxf3+ 18. Qxf3 e5 19. Bg3 Rxd1+ 20. Rxd1 Qc7 21.
Qf5 Bd6 22. Nd5 Nxd5 23. exd5 g6 24. Qe4 f5 25. Qc2 Qxc2 26. Bxc2 Rc8 27. Bb3 a5
28. Rd2 a4 29. Bd1 Rc1 30. Kf1 b4 31. Ke2 Ba6+ 32. Ke3 f4+ 33. Ke4 fxg3 34. fxg3
bxa3 35. Bg4 Rc4+ 36. Kf3 Rd4 37. Be6+ Kg7 0-1

[Event "Titled Tue 20th May Early"]
[Site "chess.com INT"]
[Date "2025.05.20"]
[Round "2"]
[White "Vyom Malhotra"]
[Black "Nagare Kaivalya Sandip"]
[Result "0-1"]
[WhiteTitle "CM"]
[BlackTitle "FM"]
[WhiteElo "1975"]
[BlackElo "2321"]
[WhiteFideId "33383561"]
[BlackFideId "25957929"]
[EventDate "2025.05.20"]

1. g3 e5 2. Bg2 Nc6 3. c4 Nf6 4. Nc3 Bc5 5. e3 O-O 6. Nge2 d5 7. cxd5 Nb4 8. d4
exd4 9. exd4 Be7 10. Qb3 Bf5 11. O-O b5 12. Qd1 Nfxd5 13. Nxd5 Nxd5 14. Nf4 c6
15. Nxd5 cxd5 16. Bf4 Be6 17. Rc1 Qb6 18. Bc7 Qa6 19. Qb3 Qb7 20. Be5 Rfc8 21.
a4 a6 22. axb5 Qxb5 23. Qa2 a5 24. h4 a4 25. h5 Qb3 26. Qb1 h6 27. Qa1 Bb4 28.
Qb1 Bd2 29. Rcd1 Rc2 30. Rxd2 Rxd2 31. Qc1 Rxb2 32. Qf4 a3 33. Bf3 a2 34. Bd1
Qd3 35. Bg4 Qxf1+ 36. Kxf1 a1=Q+ 37. Kg2 Rxf2+ 38. Qxf2 Bxg4 0-1

[Event "Titled Tue 20th May Early"]
[Site "chess.com INT"]
[Date "2025.05.20"]
[Round "2"]
[White "Beniosev, Daniel"]
[Black "Deveci, Huseyin Said"]
[Result "0-1"]
[WhiteTitle "CM"]
[BlackTitle "CM"]
[WhiteElo "2010"]
[BlackElo "2212"]
[WhiteFideId "11632674"]
[BlackFideId "26322455"]
[EventDate "2025.05.20"]

1. e4 e5 2. Nf3 d6 3. Bc4 Nc6 4. O-O Be6 5. Bxe6 fxe6 6. c3 Nf6 7. Re1 Qd7 8. b4
Be7 9. Qb3 a6 10. Ng5 d5 11. exd5 exd5 12. a4 h6 13. Nf3 e4 14. Nd4 Nxd4 15.
cxd4 O-O 16. Na3 Bd6 17. d3 Ng4 18. h3 Nxf2 19. dxe4 Kh8 20. e5 Be7 21. Nc2 Bh4
22. Re2 Rae8 23. Ba3 Ne4 24. Qd3 Bf2+ 25. Kh2 Bg3+ 26. Kg1 Rf7 27. Rd1 Qf5 28.
Ne3 Bf2+ 29. Kh2 Qf4+ 30. Kh1 Ng3+ 31. Kh2 Nxe2+ 32. Kh1 Ng3+ 33. Kh2 Nf1+ 34.
Kh1 Nxe3 35. Bc1 Ref8 36. Bd2 Qe4 37. Qe2 Qxg2# 0-1

[Event "Titled Tue 20th May Early"]
[Site "chess.com INT"]
[Date "2025.05.20"]
[Round "2"]
[White "Vyprachticky, David"]
[Black "Wernberg, Hugo"]
[Result "0-1"]
[WhiteTitle "FM"]
[BlackTitle "FM"]
[WhiteElo "2304"]
[BlackElo "2247"]
[WhiteFideId "346209"]
[BlackFideId "1737511"]
[EventDate "2025.05.20"]

1. e4 c5 2. Nf3 Nc6 3. d4 cxd4 4. Nxd4 e5 5. Nb5 d6 6. N1c3 a6 7. Na3 Be7 8. Nd5
Nf6 9. Nxf6+ Bxf6 10. Nc4 O-O 11. Qxd6 Be6 12. Qxd8 Rfxd8 13. Nb6 Nb4 14. Bd3
Rab8 15. Ke2 Rd6 16. Be3 Rbd8 17. Rhd1 Rc6 18. Rd2 Bxa2 19. c3 Nxd3 20. Rxa2
Nc1+ 21. Kd1 Nxa2 22. Nd5 Kf8 23. Kc2 b5 24. Kb1 Nxc3+ 25. bxc3 Be7 26. Kb2 Bc5
27. Bg5 f6 28. Bh4 Rdc8 29. f3 Bb6 30. Rd3 Ba5 31. Be1 Rc4 32. Kb3 R4c5 33. Bd2
R5c6 34. Be1 Bd8 35. Kb2 Kf7 36. Kb3 Ke6 37. g4 a5 38. Kb2 a4 39. Nb4 Rc4 40.
Nd5 Be7 41. Re3 Bc5 42. Rd3 h5 43. h3 hxg4 44. hxg4 Rh8 45. Nc7+ Kf7 46. Rd7+
Kg6 47. Ne6 Rg8 48. Bd2 b4 49. Nxc5 bxc3+ 50. Bxc3 Rxc5 51. Rb7 Rgc8 52. Bb4
Rc2+ 53. Ka3 Rf2 54. Kxa4 Rxf3 55. Bd6 Rf4 56. Rb6 Rxe4+ 57. Kb5 Rxg4 58. Bxe5
Rg5 59. Ka6 Rxe5 60. Kb7 Rcc5 61. Rd6 Rb5+ 62. Kc6 Rec5+ 63. Kd7 Rd5 64. Ke6
Rxd6+ 65. Kxd6 Re5 0-1

[Event "Titled Tue 20th May Early"]
[Site "chess.com INT"]
[Date "2025.05.20"]
[Round "2"]
[White "Christie, Joshua"]
[Black "Demchenko, Anton"]
[Result "0-1"]
[WhiteTitle "FM"]
[BlackTitle "GM"]
[WhiteElo "2213"]
[BlackElo "2619"]
[WhiteFideId "7402074"]
[BlackFideId "4160258"]
[EventDate "2025.05.20"]

1. Nf3 Nf6 2. b3 g6 3. Bb2 Bg7 4. g3 O-O 5. Bg2 d6 6. d4 a5 7. O-O a4 8. c4 axb3
9. axb3 Rxa1 10. Bxa1 c6 11. Nbd2 Bf5 12. Nh4 Bg4 13. h3 Bd7 14. e4 Ne8 15. Nhf3
Na6 16. e5 d5 17. Bc3 Nec7 18. Qc2 Bf5 19. Qb2 Qc8 20. Kh2 h5 21. Re1 Bh6 22.
Nf1 Be6 23. Bd2 Bg7 24. Bg5 f6 25. exf6 exf6 26. Bf4 dxc4 27. bxc4 Bxc4 28. Ne3
Bf7 29. Rb1 Nb5 30. h4 Nac7 31. Bxc7 Qxc7 32. d5 Rc8 33. dxc6 bxc6 34. Rc1 Qb7
35. Nc4 Qa7 36. Qd2 Kh7 37. Rc2 Rc7 38. Qd3 Qa4 39. Ne1 c5 40. Nb6 Qb3 41. Nd5
Qxd3 42. Nxd3 Bxd5 43. Bxd5 Bf8 44. Kg2 Kg7 45. f4 Bd6 0-1